[Event "Titled Tuesday intern op 14th Jan Early"]
[Site "Chess.com INT"]
[Date "2025.01.14"]
[Round "11"]
[White "Kiolbasa, Oliwia"]
[Black "Fuentes, Agustin"]
[Result "1-0"]
[WhiteElo "2357"]
[BlackElo "2088"]
[PlyCount "85"]
[EventDate "2025.01.14"]
[EventType "swiss (blitz)"]
[EventRounds "11"]
[EventCountry "USA"]
[SourceTitle "CB04_2025"]
[SourceDate "2025.01.22"]
[SourceVersion "1"]
[SourceVersionDate "2025.01.22"]
[SourceQuality "1"]

1. e4 e5 2. Nf3 Nc6 3. Bb5 a6 4. Ba4 Nf6 5. 0-0 Be7 6. Re1 b5 7. Bb3 0-0 8. h3 Bb7 9. d3 d5 10. exd5 Nxd5 11. Nxe5 Nd4 12. Nc3 Nb4 13. Ne4 Nxb3 14. axb3 f6 15. Nf3 Re8 16. Bd2 Nd5 17. c4 Nb4 18. d4 Bf8 19. d5 bxc4 20. bxc4 Nd3 21. Re3 f5 22. Neg5 Nc5 23. b4 Rxe3 24. Bxe3 Ne4 25. Nxe4 fxe4 26. Ng5 Bxb4 27. Qh5 h6 28. Qf7+ Kh8 29. Ne6 Qf6 30. Qxf6 gxf6 31. Bd4 Kg8 32. Nxc7 Rc8 33. Nxa6 Rxc4 34. Nxb4 Rxb4 35. Bxf6 Bxd5 36. Ra7 Rb7 37. Ra5 Bf7 38. Bd4 Bg6 39. Kh2 Kf7 40. Kg3 Rd7 41. Be3 h5 42. Kf4 Rd5 43. Rxd5 1-0